[Event "Julius Baer Gen Cup Pl/In"]
[Site "chess.com INT"]
[Date "2024.09.25"]
[Round "3"]
[White "Makarian, Rudik"]
[Black "Tristan, L."]
[Result "1-0"]
[WhiteElo "2550"]
[BlackElo "2536"]
[PlyCount "89"]
[EventDate "2024.09.25"]

1. Nf3 d5 2. g3 Nf6 3. Bg2 Bf5 4. c4 c6 5. O-O e6 6. Qb3 Qb6 7. d3 Nbd7 8. cxd5 Qxb3 9. axb3 exd5 10. Nc3 h6 11. e4 dxe4 12. dxe4 Be6 13. Nd4 Bc5 14. Be3 Ng4 15. Nxe6 fxe6 16. Bxc5 Nxc5 17. b4 Nd3 18. Bh3 $146 ({RR} 18. b5 O-O 19. bxc6 bxc6 20. Nd1 Rfb8 21. h3 Nf6 22. e5 Nd5 23. Ra3 Nxb2 24. Nxb2 Rxb2 25. Rc1 Rb6 26. f4 a5 27. f5 Kf7 28. Ra4 Rb4 29. fxe6+ Ke7 30. Raa1 Rb6 31. Bxd5 cxd5 32. Rc7+ Kxe6 {Sargsyan,S (2630)-Sieciechowicz,M (2387) chess.com INT 2023 0-1 (56)}) 18... h5 19. b5 O-O 20. bxc6 bxc6 21. Nd1 Rf6 22. Ra3 Nde5 23. f4 Nc4 24. Rc3 Nd2 25. e5 Rg6 26. Re1 Rd8 27. Nf2 Rb8 28. b3 a5 29. Ne4 Rxb3 30. Rxb3 Nxb3 31. Rd1 Kf8 32. Rd8+ Ke7 33. Ra8 h4 34. Ra7+ Kd8 35. Ng5 Nxe5 36. Nxe6+ Ke8 37. fxe5 hxg3 38. Nxg7+ Kf8 39. Ne6+ Kg8 40. Bf5 gxh2+ 41. Kxh2 Rh6+ 42. Kg3 Nd2 43. Rg7+ Kh8 44. Rf7 Nc4 45. Rf8# 1-0

[Event "Julius Baer Gen Cup Pl/In"]
[Site "chess.com INT"]
[Date "2024.09.25"]
[Round "4"]
[White "Narayanan, SL."]
[Black "Rustemov, A."]
[Result "1-0"]
[WhiteElo "2640"]
[BlackElo "2525"]
[PlyCount "37"]
[EventDate "2024.09.25"]

1. Nf3 d5 2. g3 c6 3. c4 dxc4 4. Bg2 Bf5 ({RR} 4... Nd7 5. O-O Nb6 6. Qc2 Qd5 7. Nc3 Qf5 8. e4 Qh5 9. a4 Bg4 10. Ne1 Nf6 11. d3 e5 12. Be3 Be7 13. a5 cxd3 14. Nxd3 Nbd7 15. f3 Be6 16. Ne2 O-O 17. Rae1 g5 18. g4 Qg6 19. Ng3 {Grischuk,A (2771)-Aronian,L (2801) Moscow 2010 0-1 (53)}) 5. Na3 e5 6. O-O $146 ({RR} 6. Nxc4 e4 7. Nh4 Be6 8. Ne3 Nf6 9. O-O Na6 10. d3 exd3 11. exd3 Be7 12. Nhf5 O-O 13. d4 Nc7 14. Nxe7+ Qxe7 15. Re1 Qd7 16. b3 Rfe8 17. Bb2 Bh3 18. Bf3 h6 19. Qc2 Be6 20. Bg2 Rad8 {Andriasian,Z (2611)-Riazantsev,A (2692) Dubai 2014 1-0 (40)}) ({RR} 6. Nxc4 e4 7. Nh4 Be6 8. Ne3 Nf6 9. b3 Bc5 10. Bb2 Bd4 11. Bxd4 Qxd4 12. Nhf5 Bxf5 13. Nxf5 Qe5 14. Ne3 Na6 15. O-O Rd8 16. Qc1 h5 17. Rd1 h4 18. Qc3 Qh5 19. d3 hxg3 20. hxg3 exd3 {Gorovets,A (2465)-Kulaev,M (2338) Moscow RUS 2025 ½-½ (53)}) 6... Bxa3 7. bxa3 Nd7 8. Bb2 f6 9. Nh4 Be6 10. d3 Ne7 11. dxc4 Bxc4 12. Qc2 Bd5 13. Bh3 Qc7 14. Rfd1 Rd8 15. a4 O-O 16. Rxd5 Nxd5 17. Be6+ Kh8 18. Ng6+ hxg6 19. Qxg6 1-0

[Event "Julius Baer Gen Cup Pl/In"]
[Site "chess.com INT"]
[Date "2024.09.25"]
[Round "4"]
[White "Bok, B."]
[Black "Christiansen, Johan-Sebastian"]
[Result "1-0"]
[WhiteElo "2596"]
[BlackElo "2661"]
[PlyCount "93"]
[EventDate "2024.09.25"]

1. Nf3 d5 2. g3 g6 3. Bg2 Bg7 4. O-O e5 5. d3 Nc6 6. Nc3 Nge7 7. e4 dxe4 8. dxe4 Qxd1 9. Rxd1 Bg4 10. Be3 a6 11. Rd2 Rd8 12. Nd5 $146 ({RR} 12. Rxd8+ Kxd8 13. Ng5 Ke8 14. Nd5 Nxd5 15. exd5 Nd4 16. Bxd4 exd4 17. d6 Kd7 18. Bxb7 Rb8 19. Bxa6 Kxd6 20. Nxf7+ Ke7 21. Bc4 Rxb2 22. Re1+ Kf8 23. Ng5 Bf6 24. Nxh7+ Kg7 25. Nxf6 Kxf6 26. Bb3 Bf5 {Jones,G (2617)-Santos Ruiz,M (2587) chess.com INT 2023 1-0 (42)}) 12... Nxd5 13. exd5 Bxf3 14. Bxf3 Nd4 15. Be4 Nb5 16. c4 Nd6 17. Bd3 O-O 18. c5 Nf5 19. Bxf5 gxf5 20. Rad1 e4 21. d6 cxd6 22. Rxd6 Rc8 23. b4 Bc3 24. a3 Bb2 25. Rb1 Be5 26. Rd7 Rb8 27. a4 Rfe8 28. b5 Re6 29. Rbd1 Kg7 30. Rd8 Rxd8 31. Rxd8 axb5 32. axb5 Re7 33. h4 h5 34. Kf1 Rc7 35. Ke2 Bf6 36. Rd5 Kg6 37. Rd6 Kg7 38. b6 Rc8 39. Rd7 Rb8 40. Bf4 Rc8 41. Rc7 Ra8 42. Rxb7 Ra2+ 43. Kf1 Ra1+ 44. Kg2 Bd4 45. Rd7 Bc3 46. b7 Rb1 47. b8=Q 1-0

[Event "Julius Baer Gen Cup Pl/In"]
[Site "chess.com INT"]
[Date "2024.09.25"]
[Round "4"]
[White "Kaidanov, G."]
[Black "Nguyen Ngoc Truong Son"]
[Result "1-0"]
[WhiteElo "2534"]
[BlackElo "2633"]
[PlyCount "99"]
[EventDate "2024.09.25"]

1. Nf3 d5 2. g3 g6 3. c4 c6 4. Bg2 Bg7 5. Qa4 d4 6. d3 e5 7. b4 Ne7 8. O-O O-O 9. Nbd2 h6 ({RR} 9... Nd7 10. Bb2 Qc7 11. Qb3 b6 12. e3 Nf5 13. exd4 exd4 14. g4 Nh6 15. h3 Qf4 16. Ne4 f5 17. c5+ Kh8 18. Nxd4 Nxc5 19. bxc5 fxe4 20. dxe4 bxc5 21. Nxc6 Nf7 22. Bxg7+ Kxg7 23. Qc3+ Kh6 24. Ne7 {Christiansen,J (2650)-Galic,I (2418) Veli Losinj CRO 2024 1-0}) 10. Rb1 Nd7 11. Qc2 $146 ({RR} 11. Qb3 Kh7 12. Ne4 Qc7 13. e3 dxe3 14. Bxe3 Nf5 15. Bd2 Nd6 16. Nxd6 Qxd6 17. Rfe1 c5 18. Rbd1 Rb8 19. Qa3 b6 20. bxc5 bxc5 21. Bc3 Bb7 22. Qxa7 Ba6 23. Nd2 f5 24. Nb3 Rf7 25. Nxc5 Nxc5 {Afanasiev,N (2560)-Drygalov,A (2508) Ekaterinburg 2021 1-0}) 11... f5 12. Nb3 g5 13. e3 dxe3 14. fxe3 Ng6 15. Bb2 g4 16. Nfd2 Qg5 17. Rbe1 h5 18. c5 Nf6 19. Nc4 Nd5 20. a3 f4 21. exf4 exf4 22. Bxg7 Kxg7 23. Qb2+ Kh6 24. Be4 f3 25. Bxg6 Qxg6 26. Ne5 Qg7 27. Nd4 Bf5 28. Qd2+ Kh7 29. Nxf5 Rxf5 30. d4 Raf8 31. Kf2 Kg8 32. Nc4 Qg5 33. Qxg5+ Rxg5 34. Re6 Rd8 35. Rfe1 Nc7 36. Rd6 Rd5 37. Re7 Nb5 38. Rg6+ Kf8 39. Rgg7 Rf5 40. Ne5 Rxe5 41. Ref7+ Ke8 42. dxe5 Rd2+ 43. Kf1 Nc3 44. e6 Rd1+ 45. Kf2 Rd2+ 46. Kf1 Rd1+ 47. Kf2 Rd2+ 48. Ke3 Re2+ 49. Kd3 Rxe6 50. Kxc3 1-0

[Event "Julius Baer Gen Cup Pl/In"]
[Site "chess.com INT"]
[Date "2024.09.25"]
[Round "5"]
[White "Bosiocic, Mari"]
[Black "Duda, J."]
[Result "1-0"]
[WhiteElo "2555"]
[BlackElo "2732"]
[PlyCount "127"]
[EventDate "2024.09.25"]

1. Nf3 d5 2. g3 Nf6 3. Bg2 c5 4. O-O h6 5. c3 ({RR} 5. e3 Nc6 6. d4 Bg4 7. c4 e6 8. Qa4 Bxf3 9. Bxf3 cxd4 10. exd4 Be7 11. Nc3 O-O 12. cxd5 Nxd5 13. Nxd5 exd5 14. Be3 Bf6 15. Rfd1 Qd7 16. h4 Rfd8 17. Kg2 Ne7 18. Qxd7 Rxd7 19. Bg4 Rc7 {Nihal,S (2684)-Xiong,J (2693) chess.com INT 2023 ½-½ (78)}) ({RR} 5. d3 Nc6 6. Na3 e6 7. c4 Be7 8. b3 O-O 9. Bb2 d4 10. Nc2 e5 11. e3 a5 12. Re1 Qc7 13. Na3 Bf5 14. Nb5 Qd7 15. exd4 exd4 16. Ne5 Nxe5 17. Rxe5 Bg4 18. Qd2 Rfe8 19. Rae1 Bf8 {Yurtseven,M (2333)-Duda,J (2731) chess.com INT 2024 0-1 (36)}) 5... Bf5 $146 ({RR} 5... Nc6 6. d4 cxd4 7. cxd4 Bf5 8. Nc3 e6 9. Qa4 Qd7 10. Bf4 Be7 11. Ne5 Nxe5 12. Bxe5 O-O 13. f3 Qxa4 14. Nxa4 Nd7 15. Bf4 Bf6 16. e3 Rfc8 17. Rfc1 b5 18. Nc3 a6 19. Ne2 Bd3 20. Kf2 {Garcia Matos,R (2324)-Rodriguez Hernandez,L (2383) Santa Clara CUB 2024 0-1 (39)}) 6. d4 e6 7. Nbd2 Nc6 8. Ne5 cxd4 9. Nxc6 bxc6 10. cxd4 Qb6 11. Qa4 a6 12. Nb3 Qb5 13. Qa5 Bd6 14. Bd2 Qxe2 15. Rfc1 Ne4 16. Be1 O-O 17. Rxc6 Be7 18. Rac1 Ng5 19. Qd2 Nf3+ 20. Bxf3 Qxf3 21. Qd1 Qd3 22. Qxd3 Bxd3 23. Bd2 g5 24. R6c3 Bc4 25. R1c2 a5 26. Nc1 a4 27. b3 axb3 28. axb3 Bb5 29. f4 Bf6 30. Be3 Ra1 31. Kf2 Kg7 32. Rc7 Rb8 33. R2c3 Rb1 34. Rc2 Bd3 35. Nxd3 R8xb3 36. Ne5 Bxe5 37. fxe5 Rh1 38. Kg2 Rd1 39. Bf2 g4 40. h3 gxh3+ 41. Kxh3 Rh1+ 42. Kg2 Rh5 43. R2c3 Rxc3 44. Rxc3 Rg5 45. Rf3 Rg4 46. Rf4 Rg5 47. Kh3 Rh5+ 48. Rh4 Rf5 49. Kg2 Rg5 50. Be3 Rg6 51. Bf4 Kh7 52. Kf3 Kg7 53. g4 f6 54. exf6+ Rxf6 55. Kg3 Rg6 56. Rh5 Kf7 57. Rxh6 Rg8 58. Be5 Rc8 59. Kf4 Rc1 60. Kg5 Rg1 61. Rh7+ Ke8 62. Bf6 Kf8 63. Re7 Re1 64. Kg6 1-0

[Event "Julius Baer Gen Cup Pl/In"]
[Site "chess.com INT"]
[Date "2024.09.25"]
[Round "5"]
[White "Gelfand, B."]
[Black "Nesterov, Arseniy"]
[Result "1-0"]
[WhiteElo "2658"]
[BlackElo "2601"]
[PlyCount "155"]
[EventDate "2024.09.25"]

1. Nf3 d5 2. g3 Nf6 3. Bg2 e6 4. O-O c5 5. d3 Nc6 6. c4 Be7 7. cxd5 Nxd5 ({RR} 7... exd5 8. d4 O-O 9. dxc5 Bxc5 10. Nc3 h6 11. Bf4 a6 12. Rc1 Ba7 13. Ne5 Re8 14. Nxd5 Nxd5 15. Bxd5 Nxe5 16. Bxe5 Bh3 17. Bc7 Qf6 18. Bxb7 Bxf1 19. Qxf1 Qxb2 20. Bxa8 Rxa8 21. e3 Rc8 22. Rb1 {Adan Bermudez,S (2300)-Ioseliani,I (1982) Barcelona ESP 2025 1-0}) 8. d4 O-O 9. Nc3 cxd4 $146 ({RR} 9... Re8 10. Nxd5 exd5 11. dxc5 Bxc5 12. Ng5 h6 13. Qc2 Bxf2+ 14. Rxf2 hxg5 15. Qd2 g4 16. Bxd5 Be6 17. Bxc6 bxc6 18. Qxd8 Raxd8 19. Be3 Rd7 20. Bc5 Red8 21. Bb4 Rd4 22. a3 Re4 23. Rc1 Bc4 24. e3 {Yandemirov,V (2535)-Mitenkov,A (2460) Kolontaevo 1994 ½-½ (44)}) 10. Nxd4 Nxd4 11. Qxd4 Bf6 12. Qc4 Nxc3 13. bxc3 Bd7 14. Qb3 Bc6 15. Bxc6 bxc6 16. Be3 Qa5 17. Rab1 h6 18. Rfd1 Bxc3 19. Rbc1 Bf6 20. Rxc6 Rab8 21. Qc4 Rb4 22. Ra6 Rxc4 23. Rxa5 Rc2 24. Kf1 Ra8 25. Rd7 a6 26. Rd6 Rb8 27. Raxa6 Rb1+ 28. Kg2 Rxe2 29. a4 Ra2 30. a5 Rb3 31. Bb6 e5 32. Ra8+ Kh7 33. Re8 Rba3 34. Rc6 Rxa5 35. Bxa5 Rxa5 36. Rc7 Kg6 37. Rf8 Ra2 38. Rfxf7 e4 39. Kf1 Kf5 40. Rc4 e3 41. fxe3 Rxh2 42. Rf4+ Ke6 43. Rb7 Rc2 44. Rb6+ Ke5 45. Rb5+ Ke6 46. Rf2 Rc3 47. Ke2 Rc2+ 48. Kf3 Rc3 49. Ra2 Kf7 50. Ra4 Bg5 51. Re4 Kg6 52. g4 Bf6 53. Rf4 Bg5 54. Rb6+ Bf6 55. Rf5 Kf7 56. Kf4 Kg6 57. e4 Rc4 58. Kf3 Rc3+ 59. Ke2 Kh7 60. e5 Bg5 61. e6 Re3+ 62. Kf2 Re4 63. Kf3 Re3+ 64. Kf2 Re4 65. Kg3 Kg6 66. Rf3 Bf6 67. Rd3 Bg5 68. Rd7 Kf6 69. e7+ Kf7 70. e8=Q+ Kxe8 71. Rxg7 Kf8 72. Rd7 Re7 73. Rxe7 Kxe7 74. Kf3 Kf7 75. Ke4 Bc1 76. Kf5 Kg7 77. Rb7+ Kf8 78. Kg6 1-0

[Event "Julius Baer Gen Cup Pl/In"]
[Site "chess.com INT"]
[Date "2024.09.25"]
[Round "6"]
[White "Daneshvar, Bardiya"]
[Black "Kuybokarov, Temur"]
[Result "1-0"]
[WhiteElo "2598"]
[BlackElo "2562"]
[PlyCount "69"]
[EventDate "2024.09.25"]

1. g3 d5 2. Nf3 Bg4 3. Bg2 c6 4. c4 e6 5. cxd5 Bxf3 6. Bxf3 cxd5 7. O-O Nc6 8. Nc3 Nf6 9. d4 Be7 10. e3 O-O 11. Bd2 Rc8 12. Qe2 Ne8 ({RR} 12... Qd7 13. Rfc1 Ra8 {½-½ (13) Malakhov,V (2642)-Dreev,A (2590) Moscow RUS 2024}) 13. Rfc1 Nd6 14. Be1 Qd7 15. Qd1 $146 ({RR} 15. b3 f5 16. Na4 Ne4 17. Bg2 Ba3 18. Rc2 Nb4 19. Bxe4 fxe4 20. Nc5 Qf7 21. Bxb4 Bxb4 22. a3 Bxc5 23. Rxc5 b6 24. Rc2 Rxc2 25. Qxc2 g5 26. Rc1 h5 27. Qe2 h4 28. Rc2 Qf5 29. Qh5 h3 {Artemiev,V (2697)-Saric,I (2647) chess.com INT 2023 ½-½ (47)}) 15... f5 16. Be2 Ne4 17. Nxe4 fxe4 18. Rc2 Bd6 19. Rac1 Rf6 20. Bb5 Rh6 21. Qe2 e5 22. dxe5 Bxe5 23. Rd1 Rf8 24. Qf1 Bxg3 25. hxg3 Ne5 26. f4 Qg4 27. Be2 Nf3+ 28. Bxf3 exf3 29. Rh2 Rxh2 30. Kxh2 Rf5 31. Rd2 Rh5+ 32. Kg1 g5 33. Rxd5 gxf4 34. Rxh5 Qxh5 35. Qc4+ 1-0

[Event "Julius Baer Gen Cup Pl/In"]
[Site "chess.com INT"]
[Date "2024.09.25"]
[Round "6"]
[White "Indjic, A."]
[Black "Paravyan, D."]
[Result "1-0"]
[WhiteElo "2611"]
[BlackElo "2620"]
[PlyCount "117"]
[EventDate "2024.09.25"]

1. Nf3 d5 2. e3 Nf6 3. c4 e6 4. Nc3 Be7 5. b3 O-O 6. Bb2 c5 7. cxd5 exd5 8. d4 Nc6 9. Be2 Ne4 10. dxc5 Bf6 11. Nd4 Nxc5 12. Nxc6 bxc6 13. O-O Ne4 14. Qc1 $146 ({RR} 14. Na4 Bxb2 15. Nxb2 Qf6 16. Na4 Nc3 17. Nxc3 Qxc3 18. Rc1 Qf6 19. Rc5 a5 20. Qd4 Qxd4 21. exd4 Bd7 22. a3 Rfb8 23. Rb1 Bf5 24. Rb2 Rb6 25. f3 Kf8 26. Kf2 Ke7 27. Bd1 Kd6 28. g4 Bd7 {Rodriguez del Cerro,R (2217)-Maldonado Mena,G (2014) Linares 2020 0-1 (59)}) 14... Bxc3 15. Bxc3 Qg5 16. Kh1 c5 17. Be1 Qe7 18. f3 Nf6 19. Bf2 a5 20. e4 d4 21. Bh4 Ba6 22. Bc4 Rfc8 23. Re1 Qe5 24. Bg3 Qe7 25. e5 Nh5 26. Bf2 Bxc4 27. bxc4 g5 28. h4 Nf4 29. Re4 h6 30. Bg3 Ne6 31. Qc2 Kg7 32. Kg1 Rd8 33. Rd1 Rab8 34. hxg5 hxg5 35. Rg4 Qb7 36. Qf5 Rg8 37. Bh4 Kf8 38. Bxg5 Rxg5 39. Rxg5 Nxg5 40. Qxg5 Qb6 41. f4 Qg6 42. Qxg6 fxg6 43. Kf2 Rb4 44. Rc1 Rb2+ 45. Kf3 Rxa2 46. g4 d3 47. Rd1 d2 48. Ke3 Ra3+ 49. Ke4 Rc3 50. e6 Rxc4+ 51. Ke5 Rd4 52. f5 gxf5 53. gxf5 a4 54. f6 a3 55. Rh1 Kg8 56. f7+ Kg7 57. Rg1+ Kf8 58. Rg8+ Ke7 59. f8=Q# 1-0

[Event "Julius Baer Gen Cup Pl/In"]
[Site "chess.com INT"]
[Date "2024.09.25"]
[Round "6"]
[White "Santos Latasa, J."]
[Black "Grebnev, Aleksey"]
[Result "1-0"]
[WhiteElo "2624"]
[BlackElo "2530"]
[PlyCount "139"]
[EventDate "2024.09.25"]

1. Nf3 d5 2. e3 Nf6 3. c4 e6 4. Nc3 Be7 5. b3 O-O 6. Bb2 c5 7. cxd5 exd5 8. d4 Nc6 9. Be2 Ne4 10. dxc5 Qa5 11. Rc1 Bf6 12. Nd4 Nxc5 13. Nxc6 bxc6 14. Qd2 Ne6 $146 ({RR} 14... Bb7 15. Na4 Qxd2+ 16. Kxd2 Nxa4 17. Bxf6 gxf6 18. bxa4 Rfd8 19. Rc5 d4 20. e4 Bc8 21. Rb1 Be6 22. Bc4 Rab8 23. Rb3 Bxc4 24. Rxc4 f5 25. exf5 Rxb3 26. axb3 Rd5 27. Rxc6 Rxf5 28. f3 Rh5 29. h3 {Grachev,B (2621)-Kardashevskiy,E (2429) Yaroslavl 2019 1-0 (39)}) ({RR} 14... Ba6 15. Nd1 Qxd2+ 16. Kxd2 Ne4+ 17. Ke1 Bxe2 18. Kxe2 Rfc8 19. Bxf6 Nxf6 20. Nb2 c5 21. Rc2 Rc7 22. Rhc1 Rac8 23. Nd3 c4 24. Nb2 c3 25. Na4 d4 26. Rd1 dxe3 27. f3 Nh5 28. Kxe3 g5 29. g3 {Carlsen,M (2864)-Ding,L (2799) chess24.com INT 2022 ½-½ (110)}) ({RR} 14... Bd7 15. Rc2 Rfd8 16. O-O Qb6 17. Rfc1 Bf5 18. Na4 Nxa4 19. Bxf6 Bxc2 20. Bxd8 Qxd8 21. Rxc2 Nb6 22. Rxc6 Rc8 23. Rxc8 Qxc8 24. a4 Qc5 25. a5 Nc8 26. b4 Qd6 27. b5 g6 28. g3 Qc5 29. Qd4 {Le,Q (2729)-Sarana,A (2672) chess.com INT 2025 1-0 (38)}) ({RR} 14... Bd7 15. Nd1 Qxd2+ 16. Kxd2 Ne4+ 17. Ke1 Be7 18. f3 Nf6 19. Nf2 a5 20. Nd3 Rfb8 21. Be5 Rb7 22. Nc5 Bxc5 23. Rxc5 a4 24. Bd1 axb3 25. Bxb3 Ra6 26. Kf2 Be6 27. Bd4 Nd7 28. Rc3 Nf8 29. Rhc1 {Santos Latasa,J (2628)-Saraci,N (2431) Skopje MKD 2024 ½-½ (58)}) 15. Na4 Qxd2+ 16. Kxd2 d4 17. Bf3 Ba6 18. Rxc6 dxe3+ 19. fxe3 Rad8+ 20. Kc1 Bb5 21. Bxf6 gxf6 22. Rc3 Bxa4 23. bxa4 Rb8 24. Rd1 Rb4 25. Bc6 Rc8 26. Rdd3 Rcb8 27. Rc2 Rb1+ 28. Kd2 Rg1 29. Rd7 a6 30. Ra7 Rd8+ 31. Ke2 Rdd1 32. Rxa6 f5 33. Kf2 f4 34. exf4 Nd4 35. Rb2 Rgf1+ 36. Kg3 Nf5+ 37. Kg4 Ne3+ 38. Kg5 Kg7 39. Bf3 h6+ 40. Kh4 Rd4 41. Re2 Nc4 42. Kg3 Nd2 43. Rf2 Ra1 44. Ra5 Rxa2 45. Rd5 Rxd5 46. Bxd5 Ra3+ 47. Kg4 Rd3 48. Bc6 Rd6 49. Bb5 Kg6 50. Re2 f5+ 51. Kh4 Ne4 52. a5 Nc3 53. Re5 Kf6 54. g3 Rd2 55. h3 Ra2 56. Bd3 Ne4 57. g4 Nf2 58. Rxf5+ Kg7 59. Bf1 Ra1 60. Bg2 Nd3 61. Be4 Nf2 62. Bf3 Ra3 63. Bg2 Nd3 64. a6 Rxa6 65. Bf1 Rd6 66. Bxd3 Rxd3 67. Rb5 Rf3 68. Rb7+ Kg8 69. f5 Kf8 70. Rh7 1-0

[Event "Julius Baer Gen Cup Pl/In"]
[Site "chess.com INT"]
[Date "2024.09.25"]
[Round "6"]
[White "Oparin, G."]
[Black "Bharath, Subramaniyam H"]
[Result "1-0"]
[WhiteElo "2662"]
[BlackElo "2561"]
[PlyCount "117"]
[EventDate "2024.09.25"]

1. Nf3 d5 2. g3 Nf6 3. Bg2 c5 4. O-O Nc6 5. d4 e6 6. c4 dxc4 7. Qa4 Bd7 8. Qxc4 b5 9. Qd3 c4 10. Qd1 Be7 11. Ne5 Rc8 12. a4 a6 13. axb5 axb5 14. Nc3 $146 ({RR} 14. Ra6 Nb4 15. Ra7 Qb6 16. Rb7 Qa6 17. Nc3 Nbd5 18. Nxd5 exd5 19. Bxd5 Nxd5 20. Rxd7 Nf6 21. Rxe7+ Kxe7 22. e4 Rhd8 23. d5 Kf8 24. Qf3 Re8 25. Bf4 Qb6 26. g4 Qb7 27. g5 Nd7 28. Nc6 Rxc6 {Ignatovic,E (1630)-Jennings,R (1879) London 2016 0-1 (47)}) 14... b4 15. Nxd7 Qxd7 16. d5 Ne5 17. dxe6 Qxe6 18. Qa4+ Ned7 19. Nb5 O-O 20. Nd4 Qb6 21. Nc6 Bc5 22. Qa6 c3 23. bxc3 bxc3 24. Qxb6 Nxb6 25. Be3 Bxe3 26. Ne7+ Kh8 27. Nxc8 Bxf2+ 28. Kxf2 Rxc8 29. Rfc1 g6 30. Ra3 Ng4+ 31. Kg1 c2 32. Bf3 Ne5 33. Ra2 Rc3 34. Bg2 Kg7 35. Rcxc2 Rxc2 36. Rxc2 h5 37. Rc5 Nbd7 38. Rd5 Kf6 39. Bh3 Nf8 40. Ra5 Nh7 41. Bg2 Ng4 42. h3 Nh6 43. Kf2 Nf8 44. Bc6 Ne6 45. e4 Ng5 46. Kg2 Ng8 47. Bd5 Kg7 48. Ra7 Nf6 49. Bxf7 Nxf7 50. e5 Ne4 51. e6 Ned6 52. Kf3 Kf6 53. exf7 Nxf7 54. Kf4 Ng5 55. Ra6+ Ne6+ 56. Ke4 Kf7 57. Ke5 Ng5 58. Ra7+ Kf8 59. h4 1-0

[Event "Julius Baer Gen Cup Pl/In"]
[Site "chess.com INT"]
[Date "2024.09.25"]
[Round "7"]
[White "Daneshvar, Bardiya"]
[Black "Blohberger, Felix"]
[Result "1-0"]
[WhiteElo "2598"]
[BlackElo "2520"]
[PlyCount "87"]
[EventDate "2024.09.25"]

1. g3 d5 2. Nf3 Nf6 3. Bg2 e6 4. O-O Be7 5. b3 O-O 6. Bb2 b6 7. c4 Bb7 8. e3 c5 9. Nc3 Qc8 10. Qe2 Rd8 11. d3 ({RR} 11. cxd5 Nxd5 12. Rfd1 Nc6 13. d4 Nxc3 14. Bxc3 cxd4 15. Bxd4 Nxd4 16. Nxd4 Bxg2 17. Kxg2 Qb7+ 18. Qf3 Qxf3+ 19. Kxf3 Rac8 20. Rac1 Kf8 21. Nb5 a6 22. Rxd8+ Rxd8 23. Nc7 a5 24. Rc6 Rd6 25. Rxd6 Bxd6 {Duda,J (2731)-Shankland,S (2731) Prague 2019 ½-½ (36)}) 11... Nc6 12. Rfd1 ({RR} 12. Rad1 a6 13. Rd2 d4 14. exd4 Nxd4 15. Nxd4 cxd4 16. Na4 Bxg2 17. Kxg2 b5 18. cxb5 axb5 19. Rc2 Qb7+ 20. Qf3 Qxf3+ 21. Kxf3 bxa4 22. Rc4 axb3 23. axb3 Rab8 24. Rxd4 Rxb3 25. Rxd8+ Bxd8 26. Bxf6 Bxf6 {Jessel,S (2331)-Shuvalova,P (2508) chess.com INT 2025 0-1 (38)}) 12... Qc7 $146 ({RR} 12... dxc4 13. bxc4 Nd7 14. Ne4 Qc7 15. Nfg5 Bxg5 16. Nxg5 h6 17. Nf3 Rab8 18. Nh4 Nce5 19. Bxb7 Rxb7 20. f4 Ng6 21. Qg4 Ndf8 22. Nxg6 fxg6 23. Qf3 Qf7 24. Qe4 Rbd7 25. a4 Qf5 26. Qxf5 gxf5 27. Ra3 {Flesch,J-Kolarov,A Varna 1968 1-0 (62)}) 13. Nb5 Qb8 14. Rac1 a6 15. Nc3 b5 16. cxd5 exd5 17. d4 c4 18. bxc4 dxc4 19. a3 Na5 20. e4 Nb3 21. Rb1 Re8 22. Nh4 Bf8 23. e5 Bxg2 24. Nxg2 Qb7 25. Ne3 Nd7 26. Ncd5 Rad8 27. Nf4 Nb6 28. Nf5 Na4 29. d5 c3 30. Bc1 Qc8 31. Nh6+ gxh6 32. Rxb3 Qf5 33. e6 fxe6 34. dxe6 Bd6 35. Rd5 Qf8 36. Nh5 Bc5 37. Rxd8 Rxd8 38. Bf4 Qf5 39. g4 Qd3 40. e7 Qd1+ 41. Kg2 Bxe7 42. Qe6+ Kf8 43. Bxh6+ Ke8 44. Nf6# 1-0

[Event "Julius Baer Gen Cup Pl/In"]
[Site "chess.com INT"]
[Date "2024.09.25"]
[Round "7"]
[White "Pantsulaia, L."]
[Black "Muradli, Mahammad"]
[Result "1-0"]
[WhiteElo "2516"]
[BlackElo "2576"]
[PlyCount "97"]
[EventDate "2024.09.25"]

1. Nf3 Nf6 2. g3 g6 3. b3 Bg7 4. Bb2 c5 5. c4 O-O 6. Bg2 Nc6 7. O-O d6 8. Nc3 e5 9. d3 h6 10. a3 Be6 11. Nd2 ({RR} 11. b4 cxb4 12. axb4 Nxb4 13. Ba3 a5 14. Rb1 d5 15. Bxb4 axb4 16. Rxb4 dxc4 17. dxc4 Qa5 18. Qb3 Nd7 19. Rb5 Qa3 20. Qxa3 Rxa3 21. Nd5 Ra2 22. e3 Rc2 23. Rxb7 Rxc4 24. Nd2 Rc2 25. Ne4 Bxd5 {Kramnik,V (2753)-Firouzja,A (2723) Moscow 2019 1-0 (56)}) ({RR} 11. Ne1 d5 12. cxd5 Nxd5 13. Qd2 Nd4 14. Nxd5 Nxb3 15. Qc3 Nxa1 16. e4 Bxd5 17. exd5 f5 18. Bxa1 Qd6 19. Nc2 b5 20. a4 a6 21. Re1 Bf6 22. Qb3 Rab8 23. axb5 axb5 24. Ne3 h5 25. h4 Rf7 {Bus,T (2104)-Morris-Suzuki,A (1863) chess.com INT 2025 1-0 (37)}) ({RR} 11. Rc1 Qd7 12. Nd2 Bh3 13. Nd5 Bxg2 14. Kxg2 Nh7 15. b4 f5 16. e3 b6 17. Qa4 Qb7 18. Bc3 h5 19. Rb1 Ne7 20. e4 Bh6 21. bxc5 dxc5 22. Nf3 fxe4 23. dxe4 Rxf3 24. Kxf3 Ng5+ 25. Kg2 Nxd5 {Pantsulaia,L (2521)-Degenbaev,A (2275) Pavlodar KAZ 2024 1-0 (63)}) 11... d5 12. cxd5 Nxd5 13. Rc1 Nde7 $146 ({RR} 13... b6 14. Nc4 Qd7 15. Re1 Rad8 16. Ne4 f5 17. Nc3 Nxc3 18. Bxc3 Bd5 19. b4 Bxg2 20. Kxg2 b5 21. Nd2 cxb4 22. axb4 Qd5+ 23. Kg1 Kh7 24. Qb3 Qxb3 25. Nxb3 Rd6 26. Nc5 Rc8 27. Ra1 e4 28. Bxg7 {Arabidze,M (2458)-Vantika,A (2398) FIDE Online Arena INT 2024 ½-½ (50)}) 14. Na4 b6 15. b4 Rb8 16. bxc5 b5 17. Nc3 a5 18. Nce4 Qd7 19. Nd6 Bh3 20. N2e4 Bxg2 21. Kxg2 f5 22. Qb3+ Kh7 23. Nd2 Nc8 24. Nxc8 Rfxc8 25. Rfd1 a4 26. Qa2 b4 27. Nc4 b3 28. Qa1 Nd4 29. Bxd4 exd4 30. Nb6 Rxb6 31. cxb6 Rc3 32. Qb2 Qc6+ 33. f3 Qxb6 34. e4 Qc5 35. exf5 gxf5 36. Kh3 Bf8 37. Qd2 Qc8 38. Ra1 Rc2 39. Qf4 b2 40. Rab1 Bxa3 41. Qxd4 Qe8 42. g4 fxg4+ 43. Qxg4 Bd6 44. Rh1 a3 45. Rbe1 Qc8 46. Re6 Bf4 47. Qf5+ Kh8 48. Rhe1 Rxh2+ 49. Kg4 1-0

[Event "Julius Baer Gen Cup Pl/In"]
[Site "chess.com INT"]
[Date "2024.09.25"]
[Round "7"]
[White "Deac, Bogdan-Daniel"]
[Black "Lagarde, Max"]
[Result "1-0"]
[WhiteElo "2680"]
[BlackElo "2598"]
[PlyCount "187"]
[EventDate "2024.09.25"]

1. Nf3 f5 2. d3 Nc6 3. d4 e6 4. c4 Nf6 5. g3 Be7 ({RR} 5... d5 6. Nbd2 Be7 7. Bg2 Ne4 8. O-O Bf6 9. e3 h5 10. b3 h4 11. Bb2 hxg3 12. hxg3 Qd7 13. Ne5 Bxe5 14. dxe5 Qf7 15. cxd5 exd5 16. Nf3 Be6 17. Rc1 Qh5 18. Re1 g5 19. Nd4 Nxd4 20. Qxh5+ {Mekhitarian,K (2564)-Williams,S (2446) chess.com INT 2025 ½-½ (72)}) 6. Bg2 O-O ({RR} 6... d6 7. d5 Ne5 8. Nd4 O-O 9. b3 exd5 10. cxd5 Ne4 11. O-O Bf6 12. Bb2 c5 13. dxc6 bxc6 14. f3 Nc5 15. f4 Qb6 16. fxe5 dxe5 17. Nxf5 Bxf5 18. Rxf5 Nd3+ 19. Kh1 Nxb2 20. Qc2 e4 21. Nc3 {Subelj,J (2512)-Lagarde,M (2640) Zagreb CRO 2023 ½-½ (31)}) 7. d5 ({RR} 7. O-O d6 8. d5 Ne5 9. Nd4 Nxc4 10. dxe6 g6 11. Bh6 Re8 12. Qc1 Ne5 13. Nc3 c5 14. Nc2 Bxe6 15. Bxb7 Rb8 16. Bg2 d5 17. Bf4 Bd6 18. Bg5 d4 19. Nd5 Bxd5 20. Bxd5+ Nf7 21. e3 d3 {Wei,Y (2736)-Amin,B (2704) Abidjan 2019 1-0 (57)}) 7... exd5 $146 ({RR} 7... Bb4+ 8. Bd2 Bxd2+ 9. Qxd2 Ne4 10. Qc1 exd5 11. cxd5 Ne7 12. Qc4 c6 13. dxc6+ d5 14. c7 dxc4 15. cxd8=B Rxd8 16. Nbd2 Nxd2 17. Nxd2 Be6 18. Rc1 Rac8 19. Bxb7 Rb8 20. Ba6 Rxb2 21. Bxc4 Bxc4 22. Nxc4 {Petrov,N (2573)-Demuth,A (2547) Bad Ragaz 2018 ½-½}) 8. cxd5 Bb4+ 9. Bd2 Nxd5 10. Qb3 Bxd2+ 11. Nfxd2 Nce7 12. Bxd5+ Nxd5 13. Qxd5+ Kh8 14. Nc3 c6 15. Qd4 d5 16. f4 b6 17. Nf3 Bb7 18. Qf2 c5 19. O-O-O Rc8 20. e3 b5 21. Nxb5 Qb6 22. Na3 d4 23. Kb1 d3 24. Ne5 c4 25. Naxc4 Qa6 26. b3 Be4 27. Ka1 Rb8 28. Qb2 Rfc8 29. Rhe1 Kg8 30. Rc1 Rd8 31. Red1 Qh6 32. Rc3 Qh5 33. Qd2 Rd5 34. Nb2 Rbd8 35. Re1 a5 36. Nbxd3 h6 37. Qe2 Qe8 38. Rec1 Kh7 39. Qc2 Qb5 40. Rd1 a4 41. bxa4 Qa6 42. Rc4 Qf6 43. Rc3 Qb6 44. Qc1 Qa5 45. Qc2 Qb6 46. Qd2 Qf6 47. Qb2 Qa6 48. Qb4 Ra5 49. Ra3 Qa7 50. Qe1 Rc8 51. Nb2 Rac5 52. Nec4 Qa6 53. Rc1 Bd5 54. Rac3 Rb8 55. Qd2 Rb4 56. Nd3 Rbxc4 57. Nxc5 Qa5 58. Qxd5 Rxc3 59. Rxc3 Qxc3+ 60. Kb1 Qxe3 61. Qxf5+ Kh8 62. Qf8+ Kh7 63. Qf5+ Kh8 64. g4 Qc3 65. Nb3 h5 66. Qxh5+ Kg8 67. Qd5+ Kh8 68. Qe5 Qd3+ 69. Kb2 Kg8 70. g5 g6 71. a5 Kh7 72. Qc7+ Kg8 73. Qc8+ Kh7 74. Qb7+ Kg8 75. Qb8+ Kh7 76. Ka3 Qf5 77. Qc7+ Kg8 78. Qe5 Qf8+ 79. Qc5 Kh7 80. a6 Qxf4 81. Qe7+ Kg8 82. a7 Qf3 83. Qd8+ Kh7 84. a8=Q Qf8+ 85. Ka4 Qf4+ 86. Kb5 Qe5+ 87. Qad5 Qe2+ 88. Qd3 Qe5+ 89. Q8d5 Qb8+ 90. Kc4 Qc7+ 91. Nc5 Qf4+ 92. Kb3 Qd4 93. Qxg6+ Kh8 94. Qxd4# 1-0